000 00636nam a2200193Ia 4500
005 20250507130259.0
008 008 250505s9999 xx 000 0 eng d
037 _aSeries Article
040 _aEASL
_beng
_cEASL
041 _aeng
_2eng
084 _qEASL
100 _aFang Xiaoping
_9670582
245 0 _aGlobal cholera pandemic reaches chinese village : population mobility, political control and economic incentive in epidemic prevention 1962-1964
260 _aUK
_bCambridge Cambridge University Press UK
_c2014
300 _a754-791
650 _aAsian Studies
942 _cSRA
999 _c1318753
_d1318753